Ceny a jejich využití v podnikatelském rozhodování

Ceny ako základný informačný prvok o trhu - spotrebiteľské ceny, ceny vo výrobných odvetviach, ceny poľnohospodárskych výrobkov. Vývoj cien poľnohosp. výrobkov v r. 1993. Neodôvodnené rozdiely farmárskych cien. V r. 1993 sa nedá očakávať výrazné zlepšenie hospodárskej situácie väčšiny poľnohospodárs...

Descripción completa

Guardado en:
Detalles Bibliográficos
Autor principal: Brabenec, Vladimír
Formato: Capítulo de libro
Lenguaje:checo
Materias:
Etiquetas: Agregar Etiqueta
Sin Etiquetas, Sea el primero en etiquetar este registro!

MARC

LEADER 00000naa a2200000 4500
001 r014021
005 20221205075427.7
041 0 |a cze 
044 |a SK 
245 1 0 |a Ceny a jejich využití v podnikatelském rozhodování  |c V. Brabenec 
520 |a Ceny ako základný informačný prvok o trhu - spotrebiteľské ceny, ceny vo výrobných odvetviach, ceny poľnohospodárskych výrobkov. Vývoj cien poľnohosp. výrobkov v r. 1993. Neodôvodnené rozdiely farmárskych cien. V r. 1993 sa nedá očakávať výrazné zlepšenie hospodárskej situácie väčšiny poľnohospodárskych výrobcov v ČR. 
610 2 0 |a ceny 
610 2 0 |a poľnohospodárstvo 
610 2 0 |a výrobky poľnohospodárske 
610 2 0 |a 1993 
100 1 |a Brabenec, Vladimír